01137nam a22001697a 4500003000400000005001700004008004100021020001800062041000800080082001900088100002000107245006400127260005600191300001000247500069100257610001900948OSt20260127162232.0260127b |||||||| |||| 00| 0 eng d a9789366166759 aEng 23rda610.6/CLE a CLEMENT NISHA aEssentials of Nursing Management and Leadership Semester-VI aNew DelhibJaypee Brothers Medical Publishersc2025 a638 P aOffers clear and succinct insights into the latest concepts and trends in nursing leadership and management. Supplies reliable administrative knowledge, best practices, and specific tools necessary for confidently navigating new developments in the nursing management field. Serves as a vital and beneficial resource for nurse leaders, healthcare planners, and policymakers. Valuable for nursing students, hospital examiners, and public health administrators. This book will greatly benefit nursing students and professionals in effectively managing patient care areas. Equips students to cultivate leadership skills and fulfill their roles as effective leaders within an organization.  aAdministration